Stanovenie chinínu a vitamínu B6 synchrónnou fluorescenčnou spektrometriou
Uložené v:
| Hlavný autor: | |
|---|---|
| Ďalší autori: | |
| Médium: | Rukopis Kniha |
| Jazyk: | Slovak |
| Vydavateľské údaje: |
2024
|
| Predmet: | |
| On-line prístup: | http://is.stuba.sk/zp/portal_zp.pl?podrobnosti=177725 |
| Tagy: |
Žiadne tagy, Buďte prvý, kto otaguje tento záznam!
|
MARC
| LEADER | 00000ntm a22000003a 4500 | ||
|---|---|---|---|
| 001 | stuzp98051 | ||
| 003 | SK-STU | ||
| 005 | 20240601210321.9 | ||
| 007 | ta | ||
| 008 | 150427s2015----xo-----f-mn---000-0-slo-d | ||
| 040 | |a STU |b slo | ||
| 041 | 0 | |a slo | |
| 100 | 1 | |a Fašková, Veronika |u 041000 |4 aut |U FCHPT Fakulta chemickej a potravinárskej technológie |T FCHPT Ústav analytickej chémie |X 97461 |U C1000 |Y 99 |7 97461 | |
| 242 | 0 | 1 | |a Determination of Quinine and Vitamin B6 by Synchronous Fluorescence Spectrometry |y eng |
| 245 | 1 | 0 | |a Stanovenie chinínu a vitamínu B6 synchrónnou fluorescenčnou spektrometriou |
| 260 | |c 2024 | ||
| 650 | 4 | |a chinín |2 slo | |
| 650 | 4 | |a pyridoxín |2 slo | |
| 650 | 4 | |a synchrónna fluorescenčná spektrometria |2 slo | |
| 650 | 4 | |a PLS |2 slo | |
| 650 | 4 | |a quinine |2 eng | |
| 650 | 4 | |a pyridoxine |2 eng | |
| 650 | 4 | |a synchroneous fluorescence spectrometry |2 eng | |
| 650 | 4 | |a PLS |2 eng | |
| 700 | 1 | |a Sádecká, Jana |u 041000 |k Z1 |4 ths |U FCHPT Fakulta chemickej a potravinárskej technológie |T FCHPT Ústav analytickej chémie |X 3383 |U C1000 |Y 99 |7 3383 | |
| 856 | 4 | |u http://is.stuba.sk/zp/portal_zp.pl?podrobnosti=177725 | |